00375 2200157 4500001002100000005001500021008004100036020002200077035001900099041000700118082001000125090001600135100001900151245002200170260002500192INLIS00000000002194620241224131154241224||||||||| | ||| |||| || |  a978-979-045-292-3 0010-1224021946 aid0 a741.3 a741.3 MAH i0 aMaharani Aulia00aIndahnya Berteman aSolobTiga Serangkai